000 00344nam a22001457a 4500
005 20190330122032.0
008 170406b xxu||||| |||| 00| 0 eng d
020 _a978-81-928692-8-5
041 _aeng
100 _aRANGWALA, LATE S.C
_93842
245 _aTOWN PLANNING
260 _aGUJARAT
_bCHAROTAR PUBLISHING
300 _a256
942 _cBK
999 _c5438
_d5436